The geography of tourism and recreation : Environment, place and space

Bibliographic Details
Main Author: HALL
Other Authors: Page
Format: Book
Published: London : Routledge , 2002
Edition:2nd ed.
Subjects:

MARC

LEADER 00000cam a2200000 7i4500
001 0000002159
005 20030313.0
020 0 0 |a 0415250803 
090 0 0 |a 338.4791   |b HAL 2002 
100 1 0 |a HALL   |h Colin Michael 
245 1 4 |a The geography of tourism and recreation :   |b Environment, place and space   |c C. Michael Hall and Stephen J. Page 
250 0 0 |a 2nd ed. 
260 0 0 |a London :   |b Routledge ,   |c 2002 
300 |a xix, 399 p. :   |b ill. ;   |c 25 cm. 
500 0 0 |a Includes bibliography (p. 344-394) and index 
650 0 0 |a Recreation 
650 0 0 |a Recreation areas 
650 0 0 |a Tourism 
700 0 1 |a Page   |h Stephen J. 
998 |a JPSM 
999 |a 0000003649   |b Monograph   |c Open Shelf   |e Default branch